[Event "24th ECC"]
[Site "Kallithea GRE"]
[Date "2008.10.21"]
[Round "5"]
[White "Arngrimsson,D"]
[Black "Inarkiev,E"]
[Result "0-1"]
[WhiteElo "2392"]
[BlackElo "2669"]

1.e4 c5 2.c3 Nf6 3.e5 Nd5 4.d4 cxd4 5.Nf3 e6 6.cxd4 b6 7.Bd3 Ba6 8.Be4 Nc6
9.Bxd5 exd5 10.a3 Be7 11.Nc3 O-O 12.Nxd5 d6 13.Qa4 Na5 14.Nb4 Bc4 15.Nc6 Qd7
16.Nxe7+ Qxe7 17.Bd2 Rac8 18.Bxa5 bxa5 19.b3 Ba6 20.Qxa5 Qb7 21.Kd2 Qxb3
22.Qxa6 Rc2+ 23.Ke1 Qc3+ 24.Kd1 dxe5 25.Re1 Rxf2  0-1

[Event "Vasylyshyn Mem"]
[Site "Lviv UKR"]
[Date "2008.10.21"]
[Round "1"]
[White "Margvelashvili,G"]
[Black "Sulashvili,M"]
[Result "1/2-1/2"]
[WhiteElo "2478"]
[BlackElo "2495"]

1.e4 c5 2.c3 Nf6 3.e5 Nd5 4.Nf3 e6 5.d4 cxd4 6.cxd4 Nc6 7.Nc3 Nxc3 8.bxc3 d6
9.Bd3 dxe5 10.dxe5 Qa5 11.O-O  1/2-1/2

[Event "WYCC Girls U18"]
[Site "Vung Tau City VIE"]
[Date "2008.10.21"]
[Round "2"]
[White "Pham Thi Thu Hien"]
[Black "Karunanayake,Ma"]
[Result "1-0"]
[WhiteElo "2006"]
[BlackElo "1707"]

1.e4 c5 2.c3 Nf6 3.e5 Nd5 4.d4 cxd4 5.Nf3 e6 6.Qxd4 Nc6 7.Qe4 a6 8.Bc4 Nb6
9.Bd3 d6 10.exd6 Bxd6 11.O-O Nd5 12.Bg5 Nf6 13.Bxf6 Qxf6 14.Rd1 Ne5 15.Bb5+ Ke7
16.Be2 Nxf3+ 17.Bxf3 Qf4 18.Qxf4 Bxf4 19.g3 Bc7 20.Na3 Rb8 21.Nc2 Rd8 22.Rxd8 Bxd8
23.c4 b6 24.Nb4 Bb7 25.Bxb7 Rxb7 26.Nxa6 b5 27.cxb5 Rxb5 28.b3 Kd7 29.Rd1+ Kc8
30.Rc1+ Kb7 31.Nc5+ Ka7 32.Rc4 Bb6 33.Na4 Rd5 34.Nxb6 Rd1+ 35.Kg2 Kxb6 36.Kf3 Rd2
37.Ra4 f6 38.Ke3 Rd1 39.Ra8 Rd7 40.b4 Kb5 41.a3 Kc4 42.Ra5 Rd3+ 43.Ke2 Rd7
44.b5 Kc5 45.a4 Kb4 46.Ra6 e5 47.b6 g5 48.Ra7 Rd6 49.b7 Rb6 50.a5 Rb5 51.a6 Rb6
52.Ra8 Kb5 53.b8=Q Rxb8 54.Rxb8+ Kxa6 55.Rf8 Kb5 56.Rxf6 Kc4 57.Rf5 h6 58.Rxe5  1-0

[Event "WYCC Boys U18"]
[Site "Vung Tau City VIE"]
[Date "2008.10.21"]
[Round "2"]
[White "Can,E"]
[Black "Mitrovic,B"]
[Result "1/2-1/2"]
[WhiteElo "2464"]
[BlackElo "2146"]

1.e4 c5 2.c3 Nf6 3.e5 Nd5 4.d4 e6 5.Nf3 cxd4 6.cxd4 d6 7.Bc4 Nc6 8.O-O Be7
9.Qe2 O-O 10.Rd1 Na5 11.b3 Nxc4 12.bxc4 Nb4 13.Nc3 b6 14.Ba3 d5 15.Rab1 a5
16.cxd5 Ba6 17.Qe4 exd5 18.Qg4 Rc8 19.Bb2 Bc4 20.a4 Bd3 21.Rbc1 Bc2 22.Rd2 Bg6
23.Ne1 f6 24.Rcd1 Qe8 25.Qh3 fxe5 26.dxe5 d4 27.Rxd4 Bc5 28.Nb5 Qxe5 29.Nf3 Qe2
30.R1d2 Qe8 31.Rd7 Rf7 32.Rxf7 Bxf7 33.Qg4 g6 34.Nd6 Bxd6 35.Qd4 Be5 36.Nxe5 Nc6
37.Qf4 Nxe5 38.Re2 Rc4 39.Qg3 Rc5 40.h4 Bc4 41.Rxe5 Rxe5 42.Bxe5 Qxa4 43.Qf3 Bf7
44.Qf6 Kf8 45.Qd6+ Kg8 46.h5 gxh5 47.Qh6 Qg4 48.Qf6 Ba2 49.Qxb6 Qe6 50.Qxa5 h4
51.f4 h3 52.gxh3 Qg6+ 53.Kf2 Qc2+ 54.Kg3 Qg6+  1/2-1/2

[Event "USCL 2008"]
[Site "ICC INT"]
[Date "2008.10.22"]
[Round "9"]
[White "Prilleltensky,M"]
[Black "Lian,J"]
[Result "1-0"]
[WhiteElo "2095"]
[BlackElo "2154"]

1.e4 c5 2.c3 Nf6 3.e5 Nd5 4.d4 cxd4 5.Nf3 Nc6 6.Bc4 Nb6 7.Bb3 d6 8.exd6 e6
9.cxd4 Bxd6 10.Nc3 O-O 11.O-O Nb4 12.Ne4 Be7 13.a3 N4d5 14.Qd3 Bd7 15.Bc2 g6
16.Bh6 Re8 17.Rfe1 Rc8 18.Bb3 Bc6 19.Ne5 Nd7 20.Rac1 f5 21.Nxc6 bxc6 22.Nd2 Bf6
23.Nc4 Qc7 24.Bd2 c5 25.Ba5 Qb8 26.Ba4 Re7 27.Bxd7 Rxd7 28.dxc5 Rxc5 29.Rxe6 Qb5
30.b3 Qxa5 31.b4 Qd8 32.bxc5 Nf4 33.Qe3 Nxe6 34.Qxe6+ Kg7 35.Nd6 Re7 36.Qd5 Qa5
37.g3 Qxa3 38.Rb1 Qc3 39.Rb7 Rxb7 40.Qxb7+ Kh6 41.Nf7+ Kh5 42.Kg2 Bd4 43.Qe7 Qd2
44.Qh4+  1-0

[Event "24th ECC"]
[Site "Kallithea GRE"]
[Date "2008.10.22"]
[Round "6"]
[White "Fiebig,T"]
[Black "Galopoulos,N"]
[Result "1-0"]
[WhiteElo "2401"]
[BlackElo "2262"]

1.e4 c5 2.c3 Nf6 3.e5 Nd5 4.d4 cxd4 5.Nf3 Nc6 6.cxd4 d6 7.Bc4 Nb6 8.Bb5 dxe5
9.Nxe5 Bd7 10.Nxd7 Qxd7 11.Nc3 e6 12.O-O Be7 13.Qg4 O-O 14.Bh6 Qxd4 15.Qg3 Bd6
16.Bxg7 Bxg3 17.Bxd4 Bxh2+ 18.Kxh2 Nxd4 19.Bd3 Rfd8 20.Rad1 Rd7 21.Ne4 Rc7
22.Bb1 Rd8 23.Nf6+ Kg7 24.Rxd4 Rxd4 25.Ne8+ Kf8 26.Nxc7 a6 27.b3 Rd2 28.f4 Ke7
29.f5 Rd7 30.fxe6 Rxc7 31.exf7 Nd7 32.Bxh7 Rc8 33.Be4 b6 34.Kg1 Rf8 35.Bb7 Nc5
36.Bd5 Nd7 37.b4 a5 38.bxa5 bxa5 39.Bb3  1-0

[Event "24th ECC"]
[Site "Kallithea GRE"]
[Date "2008.10.22"]
[Round "6"]
[White "Pavasovic,D"]
[Black "Hracek,Z"]
[Result "1-0"]
[WhiteElo "2597"]
[BlackElo "2613"]

1.e4 c5 2.c3 Nf6 3.e5 Nd5 4.Nf3 Nc6 5.d4 cxd4 6.cxd4 d6 7.Bc4 Nb6 8.Bb3 d5
9.Nh4 e6 10.Nf3 Bd7 11.Nc3 Be7 12.O-O O-O 13.Bc2 f6 14.exf6 Bxf6 15.Qd3 g6
16.Bh6 Bg7 17.Bxg7 Kxg7 18.Qe2 e5 19.Nxe5 Nxd4 20.Qd2 Nxc2 21.Qxc2 Bf5 22.Qd2 d4
23.Ne2 d3 24.Ng3 Qd4 25.Rae1 Rad8 26.Re3 Rd5 27.Rfe1 Qf4 28.Nxf5+ Rxf5 29.Nxd3 Qd4
30.Qe2 Rd7 31.Ne5 Rc7 32.Re4 Qd5 33.b3 Nc8 34.Qb2  1-0

[Event "WYCC Boys U14"]
[Site "Vung Tau City VIE"]
[Date "2008.10.22"]
[Round "3"]
[White "Sathyanandha,Sa"]
[Black "Krzyzanowski,M"]
[Result "0-1"]
[WhiteElo "1951"]
[BlackElo "2280"]

1.e4 c5 2.c3 Nf6 3.e5 Nd5 4.d4 cxd4 5.Nf3 d6 6.cxd4 e6 7.Nc3 Nxc3 8.bxc3 dxe5
9.Nxe5 a6 10.Qg4 Qc7 11.Bd2 Nd7 12.f4 Nf6 13.Qf3 Rb8 14.a4 Nd5 15.Rb1 b6
16.c4 Ne7 17.Qb3 f6 18.Nf3 Nc6 19.Bd3 Bd6 20.Be4 Bd7 21.Bxc6 Qxc6 22.O-O Qxa4
23.Qxa4 Bxa4 24.Ra1 Bb3 25.Rfc1 a5 26.c5 Bc7 27.cxb6 Bxb6 28.Bxa5 Bxa5 29.Rxa5 O-O
30.f5 Rfd8 31.fxe6 Bxe6 32.Rcc5 Rd7 33.d5 Bf7 34.Nd4 g6 35.Ne2 Re8 36.Kf2 Re5
37.Nc3 h5 38.Kf3 Kg7 39.h3 h4 40.Ra4 g5 41.Rd4 Rde7 42.Ne4 Bh5+ 43.Ke3 f5
44.d6 Rxe4+ 45.Rxe4 Rxe4+ 46.Kf2 Re2+ 47.Kf1 Rd2 48.Rxf5 Kg6 49.Ra5 Rxd6
50.Kf2 Rd2+ 51.Kg1 Be2 52.Rc5 Bd3 53.Re5 Re2 54.Rxe2 Bxe2 55.g3 hxg3 56.Kg2 Kh5
57.Kxg3 Ba6  0-1

[Event "WYCC Boys U14"]
[Site "Vung Tau City VIE"]
[Date "2008.10.22"]
[Round "4"]
[White "Ankit,R"]
[Black "Malureanu,C"]
[Result "1/2-1/2"]
[WhiteElo "2200"]
[BlackElo "1948"]

1.e4 c5 2.c3 Nf6 3.e5 Nd5 4.d4 cxd4 5.Nf3 Nc6 6.cxd4 d6 7.Nc3 e6 8.exd6 Bxd6
9.Bc4 Nxc3 10.bxc3 O-O 11.O-O e5 12.dxe5 Nxe5 13.Nxe5 Bxe5 14.Qxd8 Rxd8 15.Bg5 Rd6
16.Be7 Rh6 17.h3 Be6 18.Bd3  1/2-1/2

[Event "WYCC Girls U18"]
[Site "Vung Tau City VIE"]
[Date "2008.10.22"]
[Round "4"]
[White "Pham Thi Thu Hien"]
[Black "Preethi,R"]
[Result "1/2-1/2"]
[WhiteElo "2006"]
[BlackElo "2156"]

1.e4 c5 2.c3 Nf6 3.e5 Nd5 4.d4 cxd4 5.Nf3 e6 6.cxd4 d6 7.Be2 Nd7 8.O-O dxe5
9.dxe5 Qc7 10.Re1 Bc5 11.Qb3 O-O 12.Bc4 N7b6 13.Bd3 h6 14.Na3 a6 15.Bd2 Bd7
16.Be4 Ba4 17.Qd3 Rfd8 18.Rac1 Qe7 19.Qb1 Rac8 20.Ba5 Bb4 21.Bxb4 Qxb4 22.h3 Rxc1
23.Qxc1 Rc8 24.Qd2 Qxd2 25.Nxd2 Kf8 26.b3 Bd7 27.Nac4 Bc6 28.Nxb6 Nxb6 29.Rc1 Bd5
30.Rxc8+ Nxc8 31.Bxd5 exd5 32.f4 Ne7 33.Kf2 Nc6 34.a3 Ke7 35.Ke3 f6 36.exf6+ Kxf6
37.b4 Ke6 38.Nb3 Kd6 39.Nc5 Nd8 40.g4 a5 41.g5 hxg5 42.fxg5 axb4 43.axb4 Ke5
44.h4 Nc6 45.b5 Na7 46.Nd7+ Kd6 47.Nc5  1/2-1/2

[Event "LiraH Autumn"]
[Site "Lichtenrade GER"]
[Date "2008.10.23"]
[Round "6"]
[White "Dauth,B"]
[Black "Kaphle,St"]
[Result "0-1"]
[WhiteElo "2266"]
[BlackElo "2170"]

1.e4 c5 2.c3 Nf6 3.e5 Nd5 4.d4 cxd4 5.Qxd4 e6 6.Nf3 Nc6 7.Qe4 f5 8.exf6 Nxf6
9.Qh4 e5 10.Bd3 e4 11.Bxe4 Qe7 12.O-O Nxe4 13.Re1 Qxh4 14.Nxh4 d5 15.f3 Bc5+
16.Be3 Be7 17.fxe4 Bxh4 18.g3 Bf6 19.exd5 Ne7 20.d6 Nf5 21.Bxa7+ Kf7 22.Bc5 Ra6
23.Na3 Nxd6 24.Nc2 Nc4 25.Nb4 Ra5 26.Bd4 Nxb2 27.Re2 Na4 28.Rf1 Bh3 29.Rf4 Re8
30.Rxe8 Kxe8 31.Bxf6 gxf6 32.Rxf6 Rf5 33.Rxf5 Bxf5 34.Kf2 Nxc3 35.Ke3 Be6
36.Kd4 Nxa2 37.Nd3 b6 38.Nf4 Bf7 39.Nd3 Ke7 40.Ke5 Bc4 41.Nb2 b5 42.g4 Be2
43.g5 Nc3  0-1

[Event "WYCC Boys U18"]
[Site "Vung Tau City VIE"]
[Date "2008.10.23"]
[Round "5"]
[White "Howell,D"]
[Black "Ashwin,J"]
[Result "1-0"]
[WhiteElo "2593"]
[BlackElo "2437"]

1.e4 c5 2.c3 Nf6 3.e5 Nd5 4.Nf3 e6 5.d4 cxd4 6.cxd4 d6 7.Bc4 Nb6 8.Bb3 dxe5
9.Nxe5 Nc6 10.Nf3 Be7 11.Nc3 O-O 12.O-O Nb4 13.Re1 Bd7 14.Ne5 Nc6 15.Bf4 Nxe5
16.dxe5 Bg5 17.Qg4 Bxf4 18.Qxf4 Bc6 19.Re3 Qe7 20.Rg3 f5 21.Rd1 Rad8 22.Rxd8 Rxd8
23.Qxf5 Nd5 24.Qg4 Nxc3 25.Rxc3 Kh8 26.h3 Rf8 27.Qxe6 Qxe6 28.Bxe6 Re8 29.Bg4 Rxe5
30.Bf3 h6 31.Bxc6 Re1+ 32.Kh2 bxc6 33.Ra3 Re2 34.b3 Rxf2 35.Rxa7 c5 36.Kg3 Rc2
37.Ra4 Kg8 38.Kf3 Kf7 39.g4 Kf6 40.Kf4 Rf2+ 41.Ke4 Kg5 42.Kd5 Rc2 43.Ra7 g6
44.a4 Rc3 45.Rb7 Rxh3 46.a5 Rh1 47.a6 Ra1 48.a7 Kxg4 49.Kxc5 g5 50.Rb4+ Kh3
51.Ra4 Rc1+ 52.Kd4 Rc8 53.a8=Q Rxa8 54.Rxa8 h5 55.b4 g4 56.b5 g3 57.b6 g2
58.Rg8 h4 59.b7 Kh2 60.b8=Q+ Kh3 61.Qc8+ Kh2 62.Qg4  1-0

[Event "Masters"]
[Site "Can Picafort ESP"]
[Date "2008.10.25"]
[Round "8"]
[White "Mellado Trivino,J"]
[Black "Galego,L"]
[Result "1/2-1/2"]
[WhiteElo "2434"]
[BlackElo "2484"]

1.e4 c5 2.c3 Nf6 3.e5 Nd5 4.d4 e6 5.Nf3 cxd4 6.cxd4 d6 7.a3 Nc6 8.Bd3 Be7
9.O-O O-O 10.Qe2 Qc7 11.exd6 Qxd6 12.Nc3 Nxc3 13.bxc3 b6 14.Qe4 g6 15.Bf4 Qd5
16.Qxd5 exd5 17.Rfe1 Bb7 18.c4 Bf6  1/2-1/2

[Event "Grand Prix CCAS"]
[Site "Cap D'Agde FRA"]
[Date "2008.10.26"]
[Round "2"]
[White "Congiu,M"]
[Black "Philippe,C"]
[Result "0-1"]
[WhiteElo "2230"]
[BlackElo "2458"]

1.e4 c5 2.c3 Nf6 3.e5 Nd5 4.Nf3 e6 5.Bc4 b6 6.O-O Bb7 7.d4 Be7 8.Qe2 Qc7
9.Rd1 O-O 10.Bd3 f5 11.a3 Qd8 12.Bc2 cxd4 13.Nxd4 Bg5 14.Bxg5 Qxg5 15.Nf3 Qg4
16.Nbd2 Nf4 17.Qf1 Nc6 18.Re1 Ne7 19.c4 Neg6 20.Bd1 Rad8 21.Re3 d6 22.Ne1 Qg5
23.Ndf3 Qh6 24.exd6 Rxd6 25.b4 Kh8 26.Bb3 Nh4 27.Nxh4 Qxh4 28.Nd3 Bxg2  0-1

[Event "LiraH Autumn"]
[Site "Lichtenrade GER"]
[Date "2008.10.26"]
[Round "9"]
[White "Schulz,Petra"]
[Black "Richter,Go"]
[Result "1/2-1/2"]
[WhiteElo "2101"]
[BlackElo "1963"]

1.e4 c5 2.c3 Nf6 3.e5 Nd5 4.d4 cxd4 5.Qxd4 e6 6.Bc4 Nc6 7.Qe4 f5 8.Qe2 Nc7
9.Nf3 d5 10.Bb3 b6 11.Ba4 Bd7 12.O-O Na5 13.Bxd7+ Qxd7 14.Be3 Qb5 15.Qxb5+ Nxb5
16.Nbd2 Bc5 17.a4 Nc7 18.Bd4 Nc6 19.Nb3 Na6 20.a5 Ke7 21.Ra2 Bxd4 22.Nbxd4 Nxd4
23.Nxd4 Nc7 24.axb6 axb6 25.Rfa1 Rxa2 26.Rxa2 Ra8 27.Rxa8 Nxa8 28.f4 Nc7
29.Kf2 Na6 30.b4 Nc7 31.h3 h6 32.g4 g6 33.Ke3 Kf7 34.Kd3 Ke7 35.Ke3 Kf7 36.Kf3 Kg7
37.Kg3 Kf7 38.Kh4 Ke7 39.gxf5 exf5 40.Kg3 Ne8 41.Kf3 Ng7 42.h4 Nh5 43.Ne2 Ng7
44.Ng3 Kd7 45.Ke3 Ke7 46.Kf3 Kd7 47.h5 gxh5 48.Ne2 Kc6 49.Nd4+ Kd7 50.Kg3 Kc7
51.Kh3 Kd7 52.Kh4 Kc7 53.b5 Kd7 54.Ne2 Ke6 55.Nd4+ Kf7 56.Ne2 Ke6 57.Nd4+ Ke7
58.Kg3 Kf7 59.Kh3  1/2-1/2

[Event "Vasylyshyn Mem"]
[Site "Lviv UKR"]
[Date "2008.10.26"]
[Round "8"]
[White "Grekh,A"]
[Black "Papin,V"]
[Result "1-0"]
[WhiteElo "2391"]
[BlackElo "2455"]

1.e4 c5 2.c3 Nf6 3.e5 Nd5 4.d4 cxd4 5.Nf3 e6 6.cxd4 d6 7.Nc3 Nxc3 8.bxc3 Qc7
9.Bd2 Nd7 10.exd6 Bxd6 11.Bd3 b6 12.O-O Bb7 13.Re1 O-O 14.h3 Bf4 15.Bxf4 Qxf4
16.Ne5 Nf6 17.g3 Qh6 18.h4 Rfc8 19.Qe2 Rc7 20.a4 g6 21.a5 Rac8 22.axb6 axb6
23.Ra7 Qf8 24.Rxb7 Rxb7 25.Qf3 Qe7 26.Ba6 Rbc7 27.Bxc8 Rxc8 28.Rb1 Qd8 29.Ra1 Kg7
30.h5 gxh5 31.Qf4 Qe7 32.Qg5+ Kh8 33.Rb1 Nd5 34.Qxh5 Nxc3 35.Rxb6 Rf8 36.Qh6 Kg8
37.Nc6  1-0

[Event "92nd ch-Marshall CC"]
[Site "New York USA"]
[Date "2008.10.26"]
[Round "9"]
[White "Rohde,M"]
[Black "Kacheishvili,G"]
[Result "0-1"]
[WhiteElo "2467"]
[BlackElo "2572"]

1.e4 c5 2.c3 Nf6 3.e5 Nd5 4.d4 cxd4 5.Nf3 e6 6.cxd4 d6 7.a3 Bd7 8.Bd3 Bc6
9.O-O Nd7 10.Re1 dxe5 11.dxe5 Nc5 12.Bc2 a5 13.Nd4 Qc7 14.Nd2 Be7 15.Nc4 O-O
16.Qg4 Rfd8 17.Bh6 Bf8 18.Rad1 Rd7 19.Nd6 f5 20.Bxf5 exf5 21.N6xf5 Re8 22.b4 Rxe5
23.Nxc6 Rxe1+ 24.Rxe1 Qxc6 25.bxc5 Qg6 26.Bg5 h5 27.Nh6+ Qxh6 28.Qxd7 Qxg5
29.Qe6+ Kh7 30.Qe4+ Kh6 31.h4 Qd2 32.Re2 Qc1+ 33.Kh2 Qxc5 34.Rd2 Nf6 35.Qf4+ Kh7
36.a4 Qc3 37.Qf5+ g6 38.Qg5 Ng4+  0-1

[Event "I Gedeon Barcza Mem"]
[Site "Budapest HUN"]
[Date "2008.10.27"]
[Round "10"]
[White "Skoberne,J"]
[Black "Kulaots,K"]
[Result "0-1"]
[WhiteElo "2501"]
[BlackElo "2556"]

1.e4 c5 2.c3 Nf6 3.e5 Nd5 4.Nf3 Nc6 5.Bc4 Nb6 6.Bb3 c4 7.Bc2 Qc7 8.Qe2 g5
9.h3 Bg7 10.O-O Nxe5 11.Nxg5 d5 12.a4 Bd7 13.a5 Nc8 14.d4 cxd3 15.Bxd3 Nd6
16.Bf4 Nxd3 17.Qxd3 e5 18.Re1 O-O-O 19.Bxe5 Bxe5 20.Rxe5 f6 21.Rxd5 Bb5 22.Ne6 Bxd3
23.Nxc7 Be4 24.Nd2 Bxd5 25.Nxd5 Nb5 26.c4 Nc7 27.Ne4 Nxd5 28.cxd5 Rxd5 29.Nxf6 Rd2
30.g4 Rxb2 31.Kg2 Rb5 32.f4 h6 33.h4 Kd8 34.Re1 Rxa5 35.g5 hxg5 36.hxg5 Ra3
37.g6 Rhh3 38.Re8+ Kc7 39.Ne4 Rh4 40.Nf2 Rxf4 41.g7 Ra2 42.Rc8+ Kd7 43.g8=Q Rfxf2+  0-1

[Event "Grand Prix CCAS"]
[Site "Cap D'Agde FRA"]
[Date "2008.10.27"]
[Round "3"]
[White "Deslandes,P"]
[Black "Collas,D"]
[Result "1/2-1/2"]
[WhiteElo "2299"]
[BlackElo "2451"]

1.e4 c5 2.c3 Nf6 3.e5 Nd5 4.d4 cxd4 5.cxd4 d6 6.Nf3 Nc6 7.Bb5 dxe5 8.Nxe5 Bd7
9.Bxc6 Bxc6 10.Nxc6 bxc6 11.Nc3 g6  1/2-1/2

[Event "WYCC Boys U14"]
[Site "Vung Tau City VIE"]
[Date "2008.10.27"]
[Round "8"]
[White "Ankit,R"]
[Black "Chen Peng"]
[Result "0-1"]
[WhiteElo "2200"]
[BlackElo "2046"]

1.e4 c5 2.c3 Nf6 3.e5 Nd5 4.d4 cxd4 5.Nf3 Nc6 6.cxd4 d6 7.Nc3 dxe5 8.dxe5 Nxc3
9.Qxd8+ Nxd8 10.bxc3 Bd7 11.Be3 g6 12.Nd4 Bg7 13.f4 Rc8 14.Kd2 O-O 15.Bd3 f6
16.exf6 Rxf6 17.Rhe1 Rd6 18.Rab1 b6 19.Rb4 Kf8 20.Rc1 Ne6 21.h3 Rd8 22.Ke2 Nxd4+
23.cxd4 a5 24.Rbc4 Be6 25.Rc6 Bxa2 26.Rxd6 Rxd6 27.f5 Kf7 28.Rf1 Bf6 29.fxg6+ hxg6
30.g4 Kg7 31.Rf4 Re6 32.Re4 Rxe4 33.Bxe4 e6 34.g5 Be7 35.Bf4 a4 36.Be5+ Kf7
37.h4 Bd5 38.Bd3 a3 39.h5 Bxg5  0-1

[Event "Open A"]
[Site "Le Touquet FRA"]
[Date "2008.10.28"]
[Round "4"]
[White "Therkildsen,T"]
[Black "Burton,G"]
[Result "1/2-1/2"]
[WhiteElo "2327"]
[BlackElo "2087"]

1.e4 c5 2.c3 Nf6 3.e5 Nd5 4.d4 cxd4 5.Nf3 e6 6.cxd4 d6 7.a3 Bd7 8.Bd3 Bc6
9.O-O Nd7 10.b4 a6 11.Bd2 Rc8 12.Qe2 dxe5 13.dxe5 Be7 14.Nd4 O-O 15.Qe4 g6
16.Nxc6 Rxc6 17.Ra2 f5 18.exf6 N7xf6 19.Qe2 Nh5 20.g3 Bg5 21.Rc2 Rd6 22.Bc4 Bxd2
23.Rxd2 Qf6 24.Re1 Rfd8 25.Qd1 Ng7 26.Qb3 Nf5 27.Red1 Nfe7 28.Nc3 Qf3 29.Rd3 Ne3
30.Rxe3 Rxd1+ 31.Nxd1 Rxd1+ 32.Bf1 Qd5 33.Qxd5 Nxd5 34.Rxe6 Kf7 35.Re5 b5
36.Kg2 Kf6 37.f4 g5 38.Be2 Rd2 39.Kf3 gxf4 40.gxf4 Nc3 41.Re3 Nd5 42.Rd3 Rxe2
43.Rxd5 Rxh2 44.Rd6+ Kf5 45.Rxa6 Rh3+ 46.Kg2 Rb3 47.Kf2 Kxf4 48.Ke2 h5 49.Kd2 h4
50.Kc2 Rg3 51.Kb2 h3 52.Rh6 Rg2+ 53.Kc3 Rg3+ 54.Kd4 Rxa3  1/2-1/2

[Event "WYCC Boys U18"]
[Site "Vung Tau City VIE"]
[Date "2008.10.30"]
[Round "11"]
[White "Can,E"]
[Black "Ludwig,Dan"]
[Result "1-0"]
[WhiteElo "2464"]
[BlackElo "2400"]

1.e4 c5 2.c3 Nf6 3.e5 Nd5 4.d4 cxd4 5.Nf3 e6 6.cxd4 b6 7.Nc3 Nxc3 8.bxc3 Qc7
9.Bd2 Bb7 10.Bd3 d6 11.O-O Nd7 12.Ng5 dxe5 13.Qh5 g6 14.Qh3 Be7 15.Rae1 Bd5
16.f4 exd4 17.cxd4 Qd6 18.f5 gxf5 19.Bxf5 Bxg5 20.Bxg5 Rg8 21.Qh5 h6 22.Bxe6 Rxg5
23.Qxf7+ Kd8 24.Bxd5 Qxd5 25.Re8+ Kc7 26.Qxd5 Rxe8 27.Rc1+  1-0

[Event "Open A"]
[Site "Le Touquet FRA"]
[Date "2008.11.01"]
[Round "9"]
[White "Therkildsen,T"]
[Black "Soyez,C"]
[Result "0-1"]
[WhiteElo "2327"]
[BlackElo "2234"]

1.e4 c5 2.c3 Nf6 3.e5 Nd5 4.d4 cxd4 5.Nf3 d6 6.Qxd4 Nc7 7.exd6 Qxd6 8.Qxd6 exd6
9.Bf4 Nc6 10.Na3 Be6 11.Bc4 O-O-O 12.O-O-O d5 13.Bxc7 Kxc7 14.Nb5+ Kb6 15.Be2 f6
16.Nbd4 Bf7 17.Nc2 Bc5 18.Nfd4 Rhe8 19.Bf3 Bg6 20.b4 Bxd4 21.Nxd4 Be4 22.Bxe4 dxe4
23.Nf5 Ne5 24.Nd6 Nd3+ 25.Rxd3 exd3 26.Nxe8 Rxe8 27.Rd1 Re2 28.Rd2 Kb5 29.Rxd3 Rxf2
30.Rd7 Rxg2 31.Rxb7+ Kc4 32.Rc7+ Kd3 33.a4 f5 34.Rxa7 Kxc3 35.Kd1 Kxb4 36.Ke1 h5
37.Kf1 Rg4 38.a5 g6 39.h3 Rg5 40.a6 Kb5 41.Kf2 Ka5 42.Kf3 Kb6 43.Ra8 Rg1
44.Kf2 Rc1 45.Kg3 Rc6 46.Kf4 Ka5 47.a7 Ka6 48.Kg5 Kb7 49.Rb8+ Kxa7 50.Rb3 Rb6
51.Ra3+ Kb7 52.Rc3 Rc6 53.Rb3+ Kc7 54.Rd3 Rd6 55.Rc3+ Kd7 56.Re3 Kc6 57.Kf4 Kd5
58.Ra3 Rb6 59.Rd3+ Kc4 60.Rd8 Rb1 61.Kg5 Rg1+ 62.Kh4 g5+ 63.Kxh5 f4 64.Rf8 Kd5
65.h4 gxh4 66.Rxf4 h3 67.Rf2 Rg2 68.Rf1 h2 69.Rh1 Ke4 70.Kh4 Kf3 71.Kh3 Rg8
72.Kxh2 Kf2  0-1

[Event "21st Belgrade Trophy"]
[Site "Obrenovac SRB"]
[Date "2008.11.01"]
[Round "5"]
[White "Protsenko,R"]
[Black "Urosevic,Ma"]
[Result "1/2-1/2"]
[WhiteElo "2265"]
[BlackElo "2108"]

1.e4 c5 2.c3 Nf6 3.e5 Nd5 4.d4 cxd4 5.Nf3 e6 6.cxd4 d6 7.a3 Bd7 8.Bd3 Bc6
9.O-O Nd7 10.b4 b6 11.Re1 h6 12.Nbd2 dxe5 13.dxe5 Bb7 14.Ne4 a5 15.bxa5 Rxa5
16.a4 Be7 17.Bd2 Ra8 18.Qe2 O-O 19.Rec1 Qb8 20.Nc3 Nc5 21.Nxd5 Bxd5 22.Bc2 Qb7
23.Rcb1 Qa6 24.Qb5 Qxb5 25.Rxb5 Ra6 26.a5 Rfa8 27.Bc3 bxa5 28.Rbxa5 Rxa5  1/2-1/2

[Event "TCh-HUN 2008-9"]
[Site "Budapest HUN"]
[Date "2008.11.02"]
[Round "2"]
[White "Torma,R"]
[Black "Butunoi,A"]
[Result "1-0"]
[WhiteElo "2369"]
[BlackElo "2394"]

1.e4 c5 2.c3 Nf6 3.e5 Nd5 4.d4 cxd4 5.Nf3 d6 6.cxd4 Nc6 7.Bc4 Nb6 8.Bb5 dxe5
9.Nxe5 Bd7 10.Nxd7 Qxd7 11.O-O Rd8 12.Be3 g6 13.Qf3 Bg7 14.Nc3 O-O 15.Rfd1 a6
16.d5 Ne5 17.Qg3 Qc7 18.Bf1 Rc8 19.Rac1 Nec4 20.d6 Qd7 21.Bxb6 Nxb2 22.dxe7 Qxe7
23.Re1 Qd7 24.Nb1 Na4 25.Qb3 Nxb6 26.Qxb6 Rxc1 27.Rxc1 Bd4 28.Qb3 Re8 29.Rd1 Qg4
30.Qf3 Qxf3 31.gxf3 Be5 32.Rd7 b5 33.Nd2 Rc8 34.Nb3 Bf4 35.Bd3 f5 36.h3 Rc3
37.Kf1 h5 38.Ke2 Rc6 39.Rd4 Re6+ 40.Kd1 Bc7 41.Rd7 Bb6 42.Nd4 Rf6 43.Ke2 Kf8
44.f4 Ke8 45.Rd5 Bc7 46.Kf3 Rb6 47.Bc2 Ke7 48.Bb3 Bd6 49.Ke3 Kf6 50.Nf3 Rc6
51.Ne5 Bxe5 52.fxe5+ Ke7 53.Kf4 Rc3 54.f3 g5+ 55.Kxg5 Rxf3 56.h4 f4 57.Rd4 a5
58.Rxf4 Re3 59.Rf7+ Ke8 60.Rf5 Ke7 61.Kxh5 a4 62.Bd5 b4 63.e6 b3 64.axb3 axb3
65.Rf7+ Ke8 66.Bc6+ Kd8 67.e7+ Rxe7 68.Rxe7 Kxe7 69.Kg6 Kf8 70.Kh7 b2 71.Be4 Kf7
72.h5 Kf6 73.h6 Kf7 74.Bb1 Kf8 75.Ba2  1-0

[Event "ch-BRA s/f"]
[Site "Dois Irmaos BRA"]
[Date "2008.11.02"]
[Round "7"]
[White "Pereira,Am"]
[Black "Silva,Ed"]
[Result "0-1"]
[WhiteElo "1878"]
[BlackElo "2045"]

1.e4 c5 2.c3 Nf6 3.e5 Nd5 4.d4 cxd4 5.Nf3 e6 6.cxd4 d6 7.Bd2 dxe5 8.dxe5 Bd7
9.Nc3 Bc6 10.Bc4 Nxc3 11.Bxc3 Qxd1+ 12.Rxd1 Nd7 13.O-O Bc5 14.b4 Bb6 15.Nd2 a6
16.Bb3 Bc7 17.Nc4 Bb5 18.Rfe1 Bxc4 19.Bxc4 Rc8 20.Bb3 Bb8 21.Re3 Nf8 22.a4 Ng6
23.a5 O-O 24.Rd7 Rfd8 25.Rxb7 Bxe5 26.Be1 Bd4 27.Re4 Rc1 28.Kf1 Bc3 29.Rc7 Rxe1+
30.Rxe1 Bxe1 31.Kxe1 Rb8 32.Bc4 Rxb4 33.Bxa6 Ra4 34.Rc5 Kf8 35.Bb7 Ke7 36.a6 Kd6
37.Rc8 Ne5 38.Kd2 Nd7 39.Kc3 h5 40.Kb3 Ra1 41.Rc6+ Ke7 42.Rc2 Kd6 43.Rc6+ Ke7
44.Kb2 Ra5 45.Kc3 g5 46.Kb4 Ra1 47.Rc3 Kd6 48.Rc6+ Ke7 49.Rc8 Kd6 50.Rh8 h4
51.Bc8 Nc5 52.Kb5 Rb1+ 53.Ka5 Nb3+ 54.Kb6 Nd4+ 55.Ka5 Nc6+ 56.Ka4 Rb4+ 57.Ka3 Rb8
58.Re8 Kc7 59.a7 Ra8 60.Rf8 Rxa7+ 61.Kb3 Nd8 62.Rg8 Kxc8 63.Rxg5 Ra1 64.Rh5 Rf1
65.f3 Rf2 66.Rxh4 Rxg2 67.Rh8 Rf2 68.Rh3 Kd7 69.Kc4 Nc6 70.Kd3 Rxf3+ 71.Rxf3 Ne5+
72.Ke3 Nxf3 73.Kxf3 Ke7 74.h4 Kf6 75.Kf4 Kg6 76.Kg4 f5+ 77.Kf4 Kh5 78.Kg3 e5
79.Kh3 f4  0-1

[Event "21st Belgrade Trophy"]
[Site "Obrenovac SRB"]
[Date "2008.11.02"]
[Round "6"]
[White "Arngrimsson,D"]
[Black "Damljanovic,B"]
[Result "0-1"]
[WhiteElo "2392"]
[BlackElo "2596"]

1.e4 c5 2.c3 Nf6 3.e5 Nd5 4.d4 cxd4 5.Nf3 e6 6.cxd4 d6 7.Bc4 Nb6 8.Bb3 dxe5
9.Nxe5 Nc6 10.Nf3 Bb4+ 11.Nc3 Nd5 12.Qd3 Be7 13.a3 a6 14.O-O O-O 15.Ne4 b6
16.Re1 Ra7 17.Bc2 g6 18.Ne5 Rc7 19.Nxc6 Rxc6 20.Bb3 Bb7 21.Qg3 Bh4 22.Qh3 Re8
23.Bh6 Be7 24.Rac1 Rc7 25.Qg3 Bh4 26.Qd3 Nf6 27.Nxf6+ Bxf6 28.Bf4 Rd7 29.Be5 Bg7
30.Qc3 Bd5 31.Bxg7 Kxg7 32.Bxd5 Rxd5 33.Re3 Qd6 34.h4 Rd8 35.Rd3 Kg8 36.Qd2 Qe7
37.g3 b5 38.Qa5 Qb7 39.Qb4 e5 40.Qd2 Rxd4  0-1

[Event "21st Belgrade Trophy"]
[Site "Obrenovac SRB"]
[Date "2008.11.02"]
[Round "6"]
[White "Katic,G"]
[Black "Kovacevic,Bo"]
[Result "1-0"]
[WhiteElo "2070"]
[BlackElo "1899"]

1.e4 c5 2.c3 Nf6 3.e5 Nd5 4.d4 cxd4 5.Nf3 e6 6.cxd4 d6 7.Bc4 Be7 8.O-O O-O
9.Nc3 Nxc3 10.bxc3 Nd7 11.Bf4 dxe5 12.dxe5 Qc7 13.Qe2 b6 14.Bd3 Bb7 15.Rad1 Nc5
16.Bb1 Rfd8 17.Nd4 g6 18.Qg4 Na4 19.Rd3 Be4 20.Nxe6 fxe6 21.Qxe6+ Kh8 22.Rxd8+ Qxd8
23.Bxe4 Rc8 24.Bh6 Nxc3 25.Qf7 Bf8 26.Bxf8 Qxf8 27.Qxf8+ Rxf8 28.Bf3 Rf5
29.Re1 Rf8 30.e6 Re8 31.e7 Kg7 32.Bc6 Kf7 33.Bxe8+ Kxe8 34.a3 Na4 35.f4 Nc5
36.g4 Nd3 37.Re4 Nc5 38.Re3 Nd7 39.f5  1-0

[Event "21st Belgrade Trophy"]
[Site "Obrenovac SRB"]
[Date "2008.11.04"]
[Round "8"]
[White "Vujosevic,D"]
[Black "Kerecki,L"]
[Result "1/2-1/2"]
[WhiteElo "1964"]
[BlackElo "2174"]

1.e4 c5 2.c3 Nf6 3.d3 d6 4.Na3 Nc6 5.f4 Rb8 6.Nf3 b5 7.Nc2 g6 8.Be2 a6 9.O-O Bg7
10.h3 O-O 11.Be3 c4 12.Ncd4 Bd7 13.Qd2 Na5 14.b4 cxd3 15.Bxd3 Nc4 16.Bxc4 bxc4
17.Qc2 Qc7 18.a4 e5 19.Ne2 Bc6 20.Ng3 Bh6 21.Ng5 exf4 22.Bxf4 Nd7 23.a5 Bg7
24.Rad1 Ne5 25.Ne2 Nd3 26.Nd4 Nxf4 27.Rxf4 h6 28.Ngf3 Bb7 29.Nd2 d5 30.Rf2 Rbe8
31.exd5 Bxd5 32.N2f3 Be4 33.Qa4 Re7 34.b5 axb5 35.Nxb5 Qc5 36.Nfd4 Rb8 37.a6 Bxd4
38.Nxd4 Ra7 39.Rf6 Kg7 40.Rdf1 Qg5 41.Rxf7+ Kg8 42.R7f2 Qd5 43.Qa3 Rba8 44.Rf6 Qg5
45.R1f2 Kh7 46.Ne6 Qg3 47.Qc5 Qxc3 48.Nc7 Rg8 49.Qe7+ Rg7 50.Rf7 Bf5 51.Ra2 Qd4+  1/2-1/2

[Event "38th Olympiad"]
[Site "Dresden GER"]
[Date "2008.11.13"]
[Round "1"]
[White "Liiva,R"]
[Black "Quezada Perez,Y"]
[Result "1/2-1/2"]
[WhiteElo "2460"]
[BlackElo "2580"]

1.e4 c5 2.c3 Nf6 3.e5 Nd5 4.Nf3 e6 5.d4 cxd4 6.cxd4 d6 7.Bc4 Nb6 8.Bd3 Nc6
9.O-O Nb4 10.Bg5 Be7 11.Bxe7 Qxe7 12.Nc3 Nxd3 13.Qxd3 dxe5 14.dxe5 Bd7 15.Ne4 O-O
16.Nfg5 f5 17.Qd6 Rae8 18.Qxe7 Rxe7 19.Nc5 Bc6 20.Ngxe6 Rfe8 21.Nd4 Rxe5
22.Rac1 Bd5 23.f4 R5e7 24.Nxf5 Re2 25.Rf2 Re1+ 26.Rxe1 Rxe1+ 27.Rf1 Re2 28.Rf2 Re1+
29.Rf1 Re2 30.Rf2 Re1+ 31.Rf1  1/2-1/2